| 000 | 01099cam a22003374a 4500 | ||
|---|---|---|---|
| 001 | 6425 | ||
| 003 | FISKH | ||
| 005 | 20251210151734.0 | ||
| 008 | 060329s2007 flua j b 001 0 eng | ||
| 010 | _a 2006010682 | ||
| 020 | _a1595155627 (paperback) | ||
| 020 | _aFISTK00781 | ||
| 020 | _a1600442080 | ||
| 040 |
_aDLC _cDLC _dDLC _beng |
||
| 050 | _aTJ1195.W5173 | ||
| 082 | _a621.9 | ||
| 100 | 1 |
_aWhitehouse, Patricia, _d1958- |
|
| 245 | 1 | 0 |
_aMake it smooth / _cPatty Whitehouse. |
| 260 |
_aVero Beach : _bRourke Publishing, _c2007. |
||
| 300 |
_a24 pages : _bcolor illustrations ; _c21 cm |
||
| 490 | 1 | _aTool kit | |
| 500 | _aIncludes bibliographical references (p. 24) index. | ||
| 505 | _aG | ||
| 520 | _aExplores form, function, and physical properties by looking at items that make things smooth, including files, sharpeners, sanders, trowels, and other tools. | ||
| 521 | 8 |
_a300
_bLexile estimate |
|
| 521 | 8 |
_aG
_bRaz-Plus |
|
| 650 | 0 |
_aTools _vJuvenile literature. |
|
| 906 |
_a7 _bcbc _corignew _d1 _eecip _f20 _gy-gencatlg |
||
| 942 |
_2ddc _cBK _n0 |
||
| 999 |
_c6425 _d6425 |
||